Computer programming languages in practice /
Saved in:
| Main Author: | |
|---|---|
| Format: | Book |
| Language: | English |
| Published: |
London :
Heinemann,
c1985.
|
| Series: | Made simple books
Made simple computerbooks |
| Subjects: |
| LEADER | 01305cam a2200361 a 4500 | ||
|---|---|---|---|
| 001 | c000390090 | ||
| 003 | CARM | ||
| 005 | 20120521134148.0 | ||
| 008 | 120521s1985 enka 001 0 eng d | ||
| 015 | |a b8503579 | ||
| 019 | 1 | |a 3695760 |z 23913153 |5 LACONCORD2021 | |
| 020 | |a 0434984000 (pbk.) |c £4.95 | ||
| 035 | |a (OCoLC)12525613 |5 LACONCORD2021 | ||
| 040 | |a BNB |b eng |c BNB |d NU | ||
| 050 | 0 | 0 | |a QA76.7 |
| 082 | 0 | 4 | |a 005.13 |2 19 |
| 100 | 1 | |a Hofeditz, Calvin A. | |
| 245 | 1 | 0 | |a Computer programming languages in practice / |c C.A. Hofeditz. |
| 260 | |a London : |b Heinemann, |c c1985. | ||
| 300 | |a xvi, 246 p. : |b ill. ; |c 22 cm. | ||
| 490 | 1 | |a Made simple books | |
| 490 | 1 | |a Made simple computerbooks | |
| 500 | |a Digital computer systems. Programming languages (BNB/PRECIS) | ||
| 500 | |a Includes index. | ||
| 650 | 0 | |a Programming languages (Electronic computers) | |
| 650 | 0 | |a Computer programming. | |
| 852 | 8 | |b CARM |p 0579784 |f BK | |
| 852 | 8 | |b SCAN |h A3:AF32B0 |i B12061 |p 0579784 |f BK | |
| 830 | 0 | |a Made simple books | |
| 830 | 0 | |a Made simple computerbooks | |
| 999 | f | f | |i d9b78c0d-d3e7-5547-984b-1a301820fc6b |s 2f641e9a-5ae9-57fc-bd30-de2e05ac21c7 |
| 952 | f | f | |p Can circulate |a CAVAL |b CAVAL |c CAVAL |d CARM 1 Store |i book |m 0579784 |
| 952 | f | f | |a CAVAL |b CAVAL |c CAVAL |d Unmapped Location |e B12061 |f A3:AF32B0 |h Other scheme |